| 000 | 01129nam a22003257a 4500 | ||
|---|---|---|---|
| 003 | CHAP | ||
| 005 | 20220329134907.0 | ||
| 008 | 971013s r 00010 d | ||
| 010 | _a27646 | ||
| 011 | _a28618 | ||
| 035 | _a32724 | ||
| 040 | _cCHAP | ||
| 082 |
_a630.72 _bI54n |
||
| 110 |
_aINIA. México. Campo Agrícola Experimental Norte de Guanajuato _958503 |
||
| 245 | _aInforme | ||
| 260 |
_aCelaya, Gto. : _bEl Instituto, _c19 - |
||
| 300 |
_av. _b: ilus |
||
| 500 | _aLa biblioteca tiene: 1979 | ||
| 590 |
_aBATCH-UPD _b10 _c20130110 _lUCH01 _h0147 |
||
| 590 |
_aBATCH-UPD _b10 _c20130409 _lUCH01 _h2146 |
||
| 590 |
_aBATCH-UPD _b10 _c20130913 _lUCH01 _h2101 |
||
| 590 |
_aCONVERSION _b10 _c20130109 _lUCH01 _h1316 |
||
| 650 | 1 | 4 |
_aAgricultura _xInvestigación _xGuanajuato. _91625 |
| 650 | 1 | 4 |
_aAgricultura _zGuanajuato. _91927 |
| 901 | _aBK | ||
| 942 | _cLIBRO | ||
| 949 |
_a630.72 I54n _bBC _cLIBRO _d33724000041224 _eLIBRO _f1979 c.2 _h59893 _i32724 _si |
||
| 949 |
_a630.72 I54n _bBC _cLIBRO _d33724000041257 _eLIBRO _f1979 _h59892 _i32724 _si |
||
| 949 |
_a630.72 I54n _bBC _cLIBRO _d33724000041380 _eLIBRO _f1979 c.3 _h59894 _i32724 _si |
||
| 999 |
_c27646 _d27646 |
||